Movies Quiz

Random Movies or Marvel Quiz

The Avengers Actors Quiz Stats

Quiz Updated May 26, 2012

Challenge
Share
Tweet
Embed
Score 0/10 Timer 03:00
6 Plays Today
Character Actor/Actress % Correct
Iron Man/Tony StarkRobert Downey Jr.
96.8%
Nick FurySamuel L. Jackson
87%
ThorChris Hemsworth
82%
Captain America/Steve RogersChris Evans
76.3%
Hulk/Bruce BannerMark Ruffalo
73.2%
Black Widow/Natasha RamanovScarlett Johansson
69.7%
Hawkeye/Clint BartonJeremy Renner
64.2%
LokiTom Hiddleston
51.1%
S.H.I.E.L.D. Agent Maria HillCobie Smulders
41.9%
S.H.I.E.L.D. Agent Coulson Clark Gregg
28.1%

You're not logged in!

Compare scores with friends on all Sporcle quizzes.
Sign Up with Email
OR
Log In

You Might Also Like...

Show Comments

Extras

Top Quizzes Today


Score Distribution

Your Account Isn't Verified!

In order to create a playlist on Sporcle, you need to verify the email address you used during registration. Go to your Sporcle Settings to finish the process.